[Event "Paris-ch op-B"]
[Site "Paris"]
[Date "2009.07.06"]
[Round "3"]
[White "Rakotovao, Dimbiniaina"]
[Black "Bahrami, Raman"]
[Result "1-0"]
[WhiteElo "1499"]
[BlackElo "1707"]
[PlyCount "111"]
[EventDate "2009.07.04"]
[EventType "swiss"]
[EventRounds "9"]
[EventCountry "FRA"]
[SourceTitle "EXT 2010"]
[Source "ChessBase"]
[SourceDate "2010.11.25"]
[SourceVersion "1"]
[SourceVersionDate "2010.11.25"]
[SourceQuality "1"]

1. e4 e6 2. Nf3 d5 3. exd5 exd5 4. d4 Nf6 5. Bd3 Bg4 6. h3 Bh5 7. Bf4 Be7 8. 0-0 0-0 9. Nbd2 Nbd7 10. Re1 c5 11. c3 Re8 12. Nf1 Qb6 13. g4 Bg6 14. Bxg6 hxg6 15. Rb1 Ne4 16. Ne3 Ndf6 17. Qe2 Rac8 18. Nxd5 Nxd5 19. Qxe4 Nxf4 20. Qxf4 cxd4 21. Nxd4 Bd6 22. Qd2 a6 23. Rxe8+ Rxe8 24. Qd3 Bc7 25. Nf3 Bg3 26. Nd4 Bh4 27. Qf3 Rd8 28. Qf4 Bf6 29. Nb3 Qe6 30. Qe3 Qc4 31. g5 Rd3 32. Qe8+ Kh7 33. gxf6 Rxh3 34. Qd7 Qh4 35. Qd5 Qxf6 36. Qg2 Rh5 37. Kf1 Qf5 38. Rd1 Qb5+ 39. Ke1 Rg5 40. Qh1+ Rh5 41. Qg2 a5 42. f4 a4 43. Nd4 Qb6 44. a3 Qc7 45. Qf3 Rh2 46. Rd2 Rh5 47. Ne2 Qc8 48. Kd1 Rh3 49. Ng3 Qc5 50. Kc2 b5 51. Qg2 Rh4 52. Rd5 Qc4 53. Rd4 Qc7 54. Ne4 Rh5 55. Ng5+ Kh6 56. Rd8 1-0